000 01366nam a2200301 a 4500
001 BRCA_3277
005 20190320204212.0
008 130309s1850----enka---###---#000-0#eng-#
041 _aeng
044 _aenk
084 _a578
_b.D35
_c1850
100 1 _aCervantes Saavedra, Miguel de
_d1547-1616
_9213
245 1 0 _aDon Quixote de la Mancha
_cTranslated from the Spanish of Miguel de Cervantes Saavedra.
260 _aLondres
_bCharles Daly
_c1850
300 _a1 v. en 2 partes (ix, 491 p.)
_bil.
_c17 cm.
500 _aContenido : v.1. Primera parte. Retrato de Cervantes. Noticia biográfica sobre el autor. Prólogo de Cervantes. Segunda parte. Dedicatoria y prólogo de Cervantes
500 _aEdición : Embellished with Illustrations on Steel
500 _aReproducción de la edición londinense de 1842, publicada por el mismo editor, pero sin la Advertencia del mismo. Piel; planos y lomo adornados don dorados; corte dorado también Lúdovik Osterc
500 _aQM850
546 _aTexto en : inglés
650 1 4 _aNovela española
_yÉpoca clásica, 1500-1700
_9215
650 1 4 _aLiteratura española
_yÉpoca clásica, 1500-1700
_9216
650 1 4 _aNovela española
_ySiglo XVII
_9217
650 1 4 _aDon Quijote (Personaje ficticio)
_eNovela
_9218
740 0 _aEl Ingenioso Hidalgo Don Quijote de la Mancha
902 _aQFM
942 _2lcc
_cB
999 _c3013
_d3013